Doplatili na skupovanie pozemkov

Starosta mestskej časti Bratislava-Petržalka Vladimír Bajan o problémoch najväčšieho slovenského sídliska. Limitujúce faktory ekonomiky. Pohraničná poloha vhodná na vybudovanie zóny voľného obchodu.

Guardado en:
Detalles Bibliográficos
Autor principal: Melichárková, A.
Formato: Capítulo de libro
Lenguaje:eslovaco
Materias:
Etiquetas: Agregar Etiqueta
Sin Etiquetas, Sea el primero en etiquetar este registro!

MARC

LEADER 00000naa a2200000 4500
001 r019193
005 20221205101806.7
041 0 |a slo 
044 |a SK 
245 1 0 |a Doplatili na skupovanie pozemkov  |c A. Melichárková 
520 |a Starosta mestskej časti Bratislava-Petržalka Vladimír Bajan o problémoch najväčšieho slovenského sídliska. Limitujúce faktory ekonomiky. Pohraničná poloha vhodná na vybudovanie zóny voľného obchodu. 
610 2 0 |a Slovensko 
610 2 0 |a Bratislava 
610 2 0 |a Petržalka 
610 2 0 |a sídliská 
610 2 0 |a obce 
610 2 0 |a politika komunálna 
610 2 0 |a správa miestna 
610 2 0 |a oblasti obchodu voľného 
100 1 |a Melichárková, A.